000 01168nam a2200265 a 4500
001 000041543
005 20201002035630.0
008 131009s2005 sp ab 000 0 spa d
020 _a8400083040
040 _aDO-SdBNP
_bspa
_cBNPHU
082 _a304.846
_bP438i
100 1 _aPérez Yruela, Manuel
_959677
245 1 3 _aLa integración de los inmigrantes en la sociedad andaluza /
_cManuel Pérez Yruela, Sebastián Rinken.
260 _aMadrid :
_bConsejo Superior de Investigaciones Científicas, Instituto de Estudios Sociales de Andalucía,
_c2005.
300 _a296 p. :
_bil., mapas ;
_c24 cm.
490 1 _aPoliteya
_aEstudios de política y sociedad
_v22
500 _aIncluye referencias bibliográficas y notas al pie de las páginas.
504 _aBibliografía: p. 187-197
650 4 _aIntegración social
_zAndalusia(España{Rpara}
_968275
651 4 _aAndalusia (España{Rpara}
_xEmigración E Inmigración
_968276
700 1 2 _aRinken, Sebastián
_968277
710 2 _aInstituto de Estudios Sociales de Andalucía (España)
_968278
830 0 _aPoliteya
_pEstudios de política y sociedad
_n22
_968279
910 _aValidado. Control de calidad MFF
999 _c41033
_d41033